| 000 | 00707nam a2200169 4500 | ||
|---|---|---|---|
| 003 | SGT | ||
| 020 | _a9788122409758 | ||
| 082 | _a530,JOS | ||
| 100 | _aJOSHI, A.W | ||
| 245 | _aELEMENTS OF GROUP THEORY FOR PHYSICISTS | ||
| 250 | _a4TH | ||
| 260 |
_aNEW DELHI _bNEW AGE INTERNATIONAL PUBLISHERS _c2015 |
||
| 300 | _a305 | ||
| 650 | _aPHYSICS | ||
| 653 | _a• ABSTRACT GROUP THEORY • HILBERT SPACES AND OPERATORS • REPRESENTATION THEORY OF FINITE GROUPS • CONTINUOUS GROUPS AND THEIR REPRESENTATIONS • GROUP THEORY IN QUANTUM MECHANICS-I • GROUP THEORY IN QUANTUM MACHANICS-II • CRYSTALLOGRAPHIC AND MOLECULAR SYMMETRIES • GROUP THEORY IN SOLID STATE PHYSICS | ||
| 942 |
_2ddc _cFPS _01 |
||
| 999 |
_c9892 _d9892 |
||